Vainqueurs de la Coupe du monde par années - Choix multiples - Statistiques

Statistiques générales
  • Ce quiz a été pris 86 fois
    72 depuis la dernière actualisation
  • Le résultat moyen est 8 sur 8
Statistiques - réponses
Question Réponse % Correct
1958 - 1962 - 1970 - 1994 - 2002 Brésil
98%
2010 Espagne
98%
1998 - 2018 France
98%
1934 - 1938 - 1982 - 2006 Italie
98%
1954 - 1974 - 1990 - 2014 Allemagne (de l'Ouest)
97%
1930 - 1950 Uruguay
97%
1978 - 1986 - 2022 Argentine
95%
1966 Angleterre
91%
Aucun quiz correspondant
Distribution des résultats
% des personnes avec chaque résultat
Percentile par nombre de réponses
Votre historique - résultats
Vous n’avez pas pris ce quiz depuis la dernière actualisation